000 01100nam a22002057a 4500
999 _c59551
_d59551
003 Ge_BSU
005 20230314110958.0
008 230314s1996 ge ||||| |||| 00| 0 geo d
041 _ageo
080 _a347.96(479.22) გ-48
245 _aგივი ინწკირველი 70 :
_b საიუბილეო კრებული /
_cრედაქტორი და კრებულის შემდგენელი: ლადო ჭანტურია.
264 _aთბისლისი :
_b"ნორმა",
_c1996.
300 _a266 გვ.;
_b21 სმ.
500 _aსაიუბილეო კრებული იბეჭდება გაერთიანებული ქართული ბანკის ხელშეწყობით.
653 _aსამოქალაქო სამართალი
653 _aსაიუბილეო კრებული
653 _aინწკირველი გივი
700 _aჭანტურია, ლადო
_eრედაქტორი
_917196
942 _2udc
_cBK